000 01041nam a2200241 a 4500
001 65020
003 BD-RjUL
005 20211209081358.0
008 170226s1962 ii |||| ||| 001 0 ben d
020 _c: IRs.5.00
035 _a(BD-RjUL)65150
040 _aBD-RjUL
_bben
_cBD-RjUL
_dBD-RjUL
041 _aben
082 _223
_a891.4414092
_bMUS 1962
100 _aমুখোপাধ্যায়, প্রভাতকুমার
_9192709
245 1 0 _aশান্তিনিকেতন-বিশ্বভারতী /
_cপ্রভাতকুমার মুখোপাধ্যায়
260 _aকলিকাতা :
_bবুকল্যাণ্ড প্রাইভেট লিমিটেড,
_c১৯৬২
300 _aখন্ড. ;
_c২৫ সেমি.
505 0 _a -- ১ম খন্ড --
600 _aঠাকুর, রবীন্দ্রনাথ
_xজীবনী
_y১৮৬১-১৯৪১
_9193003
600 _aTagore, Rabindranath
_xBiography
_y1861-1941.
_9193004
942 _2ddc
_cBK
999 _c65020
_d65020